000 01328cam a22003254a 4500
001 11809383
003 OSt
005 20140310182053.0
008 991013s2000 mnua c b 001 0 eng
010 _a 99053332
020 _a0736804706
040 _aDLC
_cDLC
_dDLC
042 _apcc
_alcac
050 0 0 _aTL 553.8
_b.G74 2000
082 0 0 _aHS 363.34
_bG82 2000
100 1 _aGreen, Michael
_d1952-
_912215
245 1 0 _aAir rescue teams /
_cMichael Green.
260 _aMankato, MN :
_bCapstone Books,
_cc2000.
300 _a48 p. :
_bcol. ill. ;
_c23 cm.
440 0 _aServing your country
_912216
500 _aIncludes bibliographical references (p. 46) and index.
520 _aPresents information about air rescue teams including their history, aircraft and equipment, training, and plans for the future.
650 0 _aSearch and rescue operations
_vJuvenile literature.
_912217
650 0 _aRescue work
_vJuvenile literature.
_912218
650 1 _aRescue work.
_912219
906 _a7
_bcbc
_corignew
_d1
_eocip
_f19
_gy-gencatlg
942 _2lcc
_cHS
999 _c9030
_d9030